000 00433nam a2200181Ia 4500
001 1523
005 20260306143734.0
008 260306t1988||||xx |||||||||||||| ||spa||
041 _aESP
082 _a150.724
_bK44
100 _aKerlinger, Fred N.
_eAUT
245 0 _aInvestigación del comportamiento
260 _c1988
300 _axix, 748 pƔginas :
_c26 cm.
650 _aGEN
654 _aCPS
942 _cLIB
_dJUS
_fJUS
_2ddc
_n
999 _c1523
_d1523